| 000 | 00370 a2200169 4500 | ||
|---|---|---|---|
| 001 | 60358 | ||
| 020 | _a8516048314 | ||
| 040 | _cAnchieta - Pituba | ||
| 100 | _aPontara, Marcela | ||
| 240 | 1 | 0 |
_aLiteratura brasileira _lpor |
| 245 | 1 | 0 | _aLiteratura brasileira |
| 300 | _a664 | ||
| 362 | 0 | _a2005 | |
| 440 | 1 | _aModerna | |
| 650 | 4 | _aLiteratura brasileira | |
| 942 | _cBK | ||
| 999 |
_c60358 _d60358 |
||